[Event "Belgrade Trophy 36th"]
[Site "Belgrade"]
[Date "2023.11.25"]
[Round "1"]
[White "Lojpur, Nenad"]
[Black "Scekic, Veljko"]
[Result "0-1"]
[WhiteElo "1703"]
[BlackElo "2211"]
[PlyCount "110"]
[EventDate "2023.11.25"]
[EventType "swiss"]
[EventRounds "9"]
[EventCountry "SRB"]
[SourceTitle "CB49_2023"]
[SourceDate "2023.12.06"]
[SourceVersion "1"]
[SourceVersionDate "2023.12.06"]
[SourceQuality "1"]

1. d4 d5 2. c4 e6 3. Nf3 Nf6 4. Nc3 Be7 5. e3 0-0 6. h3 b6 7. cxd5 exd5 8. Bd3 Bb7 9. Qc2 c5 10. dxc5 bxc5 11. 0-0 Nc6 12. a3 Qc7 13. Rd1 Rfd8 14. Ng5 h6 15. Bh7+ Kf8 16. Nf3 Ne5 17. Nxe5 Qxe5 18. f4 Qe6 19. Bf5 Qc6 20. Qf2 d4 21. Ne2 Qa4 22. Qe1 g6 23. Bb1 dxe3 24. Rxd8+ Rxd8 25. Nc3 Qc6 26. Qe2 Nd5 27. Nxd5 Qxd5 28. Bxe3 Qd1+ 29. Qxd1 Rxd1+ 30. Kf2 Be4 31. Bxe4 Rxa1 32. Ke2 h5 33. g3 f5 34. Bd3 Rh1 35. Kf3 Rh2 36. Bf2 Rh1 37. Be3 Rd1 38. Ke2 Rh1 39. Kf3 Rd1 40. Ke2 Ra1 41. h4 Kg7 42. Kf3 a5 43. Ke2 Bf6 44. Bxc5 Bxb2 45. Bb5 Kh7 46. a4 Ba3 47. Be3 Ra2+ 48. Kf3 Bb4 49. Bf2 Bc3 50. Be8 Kg7 51. Bb5 Bb4 52. Bd4+ Kf8 53. Bf2 Ke7 54. Bc6 Rc2 55. Bb5 Bc5 0-1

[Event "Belgrade Trophy 32nd"]
[Site "Belgrade"]
[Date "2018.11.29"]
[Round "6"]
[White "Lojpur, Nenad"]
[Black "Janjic, Stefan"]
[Result "0-1"]
[WhiteElo "1834"]
[BlackElo "2101"]
[PlyCount "39"]
[EventDate "2018.11.24"]
[EventType "swiss"]
[EventRounds "9"]
[EventCountry "SRB"]
[SourceTitle "CBM 187 Extra"]
[Source "ChessBase"]
[SourceDate "2018.11.04"]
[SourceVersion "1"]
[SourceVersionDate "2018.11.04"]
[SourceQuality "1"]

1. d4 d5 2. Nf3 Nf6 3. c4 e6 4. Nc3 Nbd7 5. Bf4 dxc4 6. e3 Nd5 7. Bxc4 Nxf4 8. exf4 Bd6 9. Ne5 0-0 10. Qf3 Nb6 11. Bd3 Bb4 12. 0-0 a5 13. Rad1 a4 14. f5 exf5 15. Bxf5 Bxf5 16. a3 Nd5 17. Ng4 f6 18. Rd3 Ra5 19. Qxd5+ Kh8 20. Qxb7 0-1

[Event "SRB-ch sf Belgrade-ch"]
[Site "Belgrade"]
[Date "2017.01.31"]
[Round "9"]
[White "Lojpur, Nenad"]
[Black "Dragojevic, Leon"]
[Result "0-1"]
[WhiteElo "1757"]
[BlackElo "1898"]
[PlyCount "66"]
[EventDate "2017.01.23"]
[EventType "swiss"]
[EventRounds "9"]
[EventCountry "SRB"]
[SourceTitle "EXT 2018"]
[Source "ChessBase"]
[SourceDate "2017.10.13"]
[SourceVersion "1"]
[SourceVersionDate "2017.10.13"]
[SourceQuality "1"]

1. d4 e5 2. e3 e4 3. g3 d5 4. Bg2 Nf6 5. Ne2 Bg4 6. 0-0 Bd6 7. c4 c6 8. Nbc3 0-0 9. cxd5 cxd5 10. Qb3 Qb6 11. Qxb6 axb6 12. f3 exf3 13. Bxf3 Bxf3 14. Rxf3 Na6 15. Nb5 Rad8 16. a3 Rfe8 17. Nec3 Bb8 18. Rf5 Re6 19. Bd2 g6 20. Rff1 h5 21. Rae1 Kg7 22. Kg2 h4 23. Rf3 Rh8 24. Ref1 Rh5 25. e4 dxe4 26. Nxe4 Rxe4 27. Nc3 Rxd4 28. Be3 h3+ 29. Kh1 Rd7 30. Rxf6 Re5 31. Bxb6 Nc5 32. Bxc5 Rxc5 33. R6f3 Re5 0-1

[Event "SRB-ch sf Belgrade-ch"]
[Site "Belgrade"]
[Date "2017.01.30"]
[Round "8"]
[White "Budimir, Dragan"]
[Black "Lojpur, Nenad"]
[Result "1-0"]
[WhiteElo "2196"]
[BlackElo "1757"]
[PlyCount "63"]
[EventDate "2017.01.23"]
[EventType "swiss"]
[EventRounds "9"]
[EventCountry "SRB"]
[SourceTitle "EXT 2018"]
[Source "ChessBase"]
[SourceDate "2017.10.13"]
[SourceVersion "1"]
[SourceVersionDate "2017.10.13"]
[SourceQuality "1"]

1. e4 c5 2. c3 d6 3. d4 cxd4 4. cxd4 Nf6 5. Nc3 Nbd7 6. Nf3 g6 7. Bc4 Qc7 8. Qe2 Bg7 9. 0-0 e5 10. dxe5 Nxe5 11. Nxe5 dxe5 12. Bb5+ Bd7 13. Bxd7+ Qxd7 14. Rd1 Qc6 15. Nd5 Nxd5 16. exd5 Qd7 17. f4 f6 18. fxe5 fxe5 19. Be3 0-0 20. Rac1 Rac8 21. Rxc8 Rxc8 22. d6 b6 23. Qd3 Bf6 24. Qd5+ Kg7 25. Qd2 Rc6 26. Bh6+ Kh8 27. Qd5 a5 28. a4 g5 29. h3 Rc8 30. Rf1 Qd8 31. Qf7 Qxd6 32. Rxf6 1-0

[Event "Belgrade-ch sf"]
[Site "Belgrade"]
[Date "2017.01.29"]
[Round "7"]
[White "Sarovski, Nikola"]
[Black "Lojpur, Nenad"]
[Result "0-1"]
[WhiteElo "1909"]
[BlackElo "1757"]
[PlyCount "46"]
[EventDate "2017.01.23"]
[EventType "swiss"]
[EventRounds "7"]
[EventCountry "SRB"]
[SourceTitle "CBM 176 Extra"]
[Source "ChessBase"]
[SourceDate "2017.03.02"]
[SourceVersion "1"]
[SourceVersionDate "2017.03.02"]
[SourceQuality "1"]

1. Nc3 d5 2. e4 dxe4 3. Nxe4 e6 4. d4 Nf6 5. Nxf6+ Qxf6 6. Nf3 h6 7. h4 Qd8 8. Be3 Be7 9. Qd2 Nd7 10. 0-0-0 Nf6 11. Bd3 c6 12. Ne5 Nd5 13. h5 Nb4 14. Kb1 a5 15. Be4 Nd5 16. Qd3 f5 17. Bxd5 Qxd5 18. Ng6 Rg8 19. f3 b5 20. Nf4 Qd6 21. g4 Ba6 22. Ng6 f4 23. Bc1 b4 0-1